000 00477nam a2200181Ia 4500
999 _c14225
_d14225
003 OSt
005 20201103120007.0
008 190216s9999||||xx |||||||||||||| ||und||
020 _a0330368990
040 _coclc
082 _a813.54
_bCOO/T
100 _aCook, Robin
_94691
245 0 _aToxin /
_cRobin cook
260 _bPan Books London,
_c1998.
_aLondon:
300 _a436p
650 _aEnglish
942 _cBK
_2ddc
_h813.54
_iCOO/T
_k813.54
_mCOO/T